Literature And Society Selected Essays On African Literature (Record no. 2670)
[ view plain ]
| 000 -LEADER | |
|---|---|
| fixed length control field | 00365nam a22001337a 4500 |
| 008 - FIXED-LENGTH DATA ELEMENTS--GENERAL INFORMATION | |
| fixed length control field | 250325b |||||||| |||| 00| 0 eng d |
| 020 ## - INTERNATIONAL STANDARD BOOK NUMBER | |
| ISBN | NIL |
| 100 ## - MAIN ENTRY--AUTHOR | |
| Author | EMENYONU, Profernest |
| 245 ## - TITLE STATEMENT | |
| Title | Literature And Society Selected Essays On African Literature |
| 260 ## - PUBLICATION, DISTRIBUTION, ETC. (IMPRINT) | |
| Place of publication | Nigeria |
| Name of publisher | Zim Pan-African Publisher |
| Date of publication | 1986 |
| 300 ## - COLLATION | |
| Pagination | NIL |
| 942 ## - ADDED ENTRY ELEMENTS (KOHA) | |
| Item type | Books |
| 050 ## - LIBRARY OF CONGRESS CALL NUMBER | |
| Classification number | PL9344 |
| Item number | .L58 |
| Source of classification or shelving scheme | Not for loan | Permanent location | Current location | Date acquired | Accession No. | Full call number | Barcode. | Koha item type |
|---|---|---|---|---|---|---|---|---|
| Library of Congress Classification | Samuel Ogbemudia Main Library, University of Abuja | Samuel Ogbemudia Main Library, University of Abuja | 03/25/2025 | 95-16327 | PL9344.L58 | 2025-0962 | Books |